000 01101nam a22002657a 4500
001 4145
003 FISKH
005 20240612141311.0
008 240612b cb ||||| |||| 00| 0 eng d
020 _a9780531223550
040 _aFISKH
_beng
_cFISKH
_dFISKH
050 _aDK268.S8
082 _a947.084
100 _aMcCollum Sean
245 _aStalin /
_cSean McCollum
260 _aNew York :
_bScholastic,
_c2010
300 _a128 pages :
_bcolor illustrations ;
_c18 cm
505 _aU
520 _a- Opening quote by or about the featured villain/villainess- Historical map, annotated with key locations from person's life- A Wicked Web featuring allies and enemies- Historical photos and etchings- Boxes with additional information- Photo documentaries: six to eight pages of photos and captions telling the person's life- Timeline, glossary, additional sources- Engaging narrative nonfiction written at a very accessible reading level.
521 8 _a970
_bLexile
521 8 _aU
_bRaz-Plus
700 _aSean McCollum
942 _2ddc
_cBK
_n0
999 _c4145
_d4145